| 000 | 01541nam a22002657a 4500 | ||
|---|---|---|---|
| 003 | NALT | ||
| 005 | 20220125173229.0 | ||
| 008 | s2547 th tha d | ||
| 020 | _a9749664760 | ||
| 040 | _aNALT | ||
| 041 | _atha | ||
| 050 |
_aRL 71 _bส954 2547 |
||
| 245 | 0 | 0 |
_aแสงแดดและผิวหนัง = _bSunlight and skin / _cวิชิต ลีนุตพงษ์, บรรณาธิการ |
| 246 | 3 | 1 | _aSunlight and skin. |
| 260 |
_aกรุงเทพฯ : _bงานตำราวารสารและสิ่งพิมพ์ สถานเทคโนโลยีการศึกษาแพทยศาสตร์ คณะแพทยศาสตร์ศิริราชพยาบาล มหาวิทยาลัยมหิดล, _c2547 |
||
| 300 |
_a476 หน้า : _bภาพประกอบ, ตาราง, แผนภูมิ ; _c26 ซม. |
||
| 650 | 0 | 4 | _aแสง |
| 650 | 0 | 4 | _aผิวหนัง -- โรค -- การรักษา |
| 650 | 0 | 4 | _aโรคผิวหนัง -- การรักษา |
| 650 | 0 | 4 | _aผิวหนัง -- การดูแลและสุขวิทยา |
| 650 | 0 | 4 | _aผิวหนัง -- การดูแลและสุขวิทยาโรคผิวหนัง -- การรักษาผิวหนัง -- โรค -- การรักษาแสง |
| 700 | 0 |
_955844 _aวิชิต ลีนุตพงษ์ |
|
| 850 | _aNALT | ||
| 942 |
_cGB _2lcc |
||
| 999 |
_c45716 _d45716 |
||
| 998 |
_j109 _k อารีรัตน์ วิชาช่าง |
||